• 首页
  • 本馆介绍
  • 公告通知
  • 最新文献
  • 馆藏检索
  • 电子资源
  • 读者导购
  • 参考咨询
  • 我的图书馆
  • 登录
  • 详细信息显示
  • 放入我的书架
  • 预约/预借图书
  • 作者相关作品
  • 分类相关作品
  • 丛书相关作品
  • 出版社相关作品

书目信息

  • 表格格式
  • 工作单格式
  • 卡片格式
题名:
中国少数民族发饰
    
 
作者: 戴平 编著
分册:  
出版信息: 北京   中国画报出版社  2004
页数: 146页
开本: 20cm
丛书名: 二十一世纪中国少数民族系列丛书
单 册:
中图分类: K892.23
科图分类:
主题词: 少数民族--头饰--研究--中国 , 少数民族 , 头饰
电子资源:
ISBN: 7-80024-756-2
000 00969oam2 2200277 450
001 010005014425
005 20061101163718.23
010    @a7-80024-756-2@dCNY25.80
100    @a20041101d2004 em y0chiy0120 ea
101 0  @achi
102    @aCN@b110000
105    @aa z 000yy
200 1  @a中国少数民族发饰@9zhong guo shao shu min zu fa shi@f戴平编著
210    @a北京@c中国画报出版社@d2004
215    @a146页@c照片@d20cm
225 2  @a二十一世纪中国少数民族系列丛书@v4
330    @a本书研究了各少数的发饰,即蒙古族、回族、藏族、维吾尔族、苗族、彝族、壮族、布依族、朝鲜族、满族、侗族、瑶族、白族、土家族、哈尼族等。
461  0 @12001 @a二十一世纪中国少数民族系列丛书@v4@1701 0@a李春生@4主编
510 1  @aHeadwear of the Ethnic Groups in China@zeng
606 0  @a少数民族@x头饰@x研究@y中国
606 0  @a少数民族
606 0  @a头饰
690    @aK892.23@v4
701  0 @a戴平@9dai ping@4编著
801  0 @aCN@bRENTIAN@c20061101
905    @a10447@dK892.23@e112
    
    中国少数民族发饰/戴平编著.-北京:中国画报出版社,2004
    146页:照片;20cm.-(二十一世纪中国少数民族系列丛书;4)
    
    
    ISBN 7-80024-756-2:CNY25.80
    本书研究了各少数的发饰,即蒙古族、回族、藏族、维吾尔族、苗族、彝族、壮族、布依族、朝鲜族、满族、侗族、瑶族、白族、土家族、哈尼族等。
●
相关链接 在E读中查询图书 在五车中查询图书 在当当中查询图书 在豆瓣中查询图书


正题名:中国少数民族发饰     索取号:K892.23/112         预约/预借

序号 登录号 条形码 馆藏地/架位号 状态 备注
1 0387164   203871649   第二样本阅览室/ [索取号:K892.23/112] 在馆    
2 0387165   203871658   第二借阅区/ [索取号:K892.23/112] 在馆    
3 0387166   203871667   第二借阅区/ [索取号:K892.23/112] 在馆    
4 0387167   203871676   第二借阅区/ [索取号:K892.23/112] 在馆    
5 0387168   203871685   第二借阅区/ [索取号:K892.23/112] 在馆    
唐山师范学院图书馆 欢迎您!
大连网信软件有限公司© 版权所有